| Tag |
First Indicator |
Second Indicator |
Subfields |
| LEADER |
00000cam a2200000 i 4500 |
| 001 |
in00003466913 |
| 005 |
20151206102730.0 |
| 008 |
131106t20142014cau b 001 0deng |
| 010 |
|
|
|a 2013044660
|
| 016 |
7 |
|
|a 016635677
|2 Uk
|
| 020 |
|
|
|a 9781440830075 (hardback)
|
| 020 |
|
|
|a 144083007X (hardback)
|
| 020 |
|
|
|z 9781440830082 (ebook)
|
| 020 |
|
|
|z 1440830088 (ebook)
|
| 035 |
|
|
|a (OCoLC)ocn859585405
|
| 040 |
|
|
|a DLC
|b eng
|e rda
|c DLC
|d YDX
|d BTCTA
|d BDX
|d UKMGB
|d YDXCP
|d OCLCO
|d CDX
|d COO
|d PUL
|d STF
|d UtOrBLW
|
| 042 |
|
|
|a pcc
|
| 043 |
|
|
|a n-us---
|
| 049 |
|
|
|a TXAM
|
| 050 |
0 |
0 |
|a ML420.E88
|b P47 2014
|
| 082 |
0 |
0 |
|a 782.42166092
|2 23
|
| 100 |
1 |
|
|a Perone, James E.
|
| 245 |
1 |
4 |
|a The words and music of Melissa Etheridge /
|c James E. Perone.
|
| 264 |
|
1 |
|a Santa Barbara, California :
|b Praeger,
|c [2014]
|
| 264 |
|
4 |
|c ©2014
|
| 300 |
|
|
|a viii, 156 pages ;
|c 25 cm.
|
| 336 |
|
|
|a text
|b txt
|2 rdacontent
|
| 337 |
|
|
|a unmediated
|b n
|2 rdamedia
|
| 338 |
|
|
|a volume
|b nc
|2 rdacarrier
|
| 490 |
1 |
|
|a Praeger singer-songwriter collection
|
| 504 |
|
|
|a Includes bibliographical references (pages 139-151) and index.
|
| 505 |
0 |
|
|a Early career -- Yes, I am -- Turbulence and recovery -- Maturity.
|
| 600 |
1 |
0 |
|a Etheridge, Melissa
|x Criticism and interpretation.
|
| 830 |
|
0 |
|a Praeger singer-songwriter collection.
|
| 948 |
|
|
|a cataloged
|b h
|c 2014/8/25
|d c
|e ceaton
|f 12:02:01 pm
|
| 994 |
|
|
|a C0
|b TXA
|
| 999 |
|
|
|a MARS
|
| 999 |
f |
f |
|s 99145866-8b8b-3b2e-a853-73437f4f0339
|i 4375f938-e267-3d88-aeac-74d0962e3af1
|t 0
|
| 952 |
f |
f |
|p normal
|a Texas A&M University
|b College Station
|c Sterling C. Evans Library
|d Evans: Library Stacks
|t 0
|e ML420.E88 P47 2014
|h Library of Congress classification
|i unmediated -- volume
|m A14842739592
|
| 998 |
f |
f |
|a ML420.E88 P47 2014
|t 0
|l Evans: Library Stacks
|